00687nam a2200181 a 450000100100000000500170001000800410002704000250006808200180009310000390011124500860015026000430023630000340027965000280031365000280034195201210036999900150049000000437620200929151431.0820909s1931 enka 001 0 eng  aDO-SdBNPbspacBNPHU a823.5bS977gu1 aSwift, Jonathan,d1667-174591202310aGulliver's travels :ba tale of a tub. The battle of the books /cJonathan Swift. aNew York :bThe Modern Library,c1931. axiii, 559 p. :bil. ;c19 cm. 4aNovela irlandesa911511 4aLiteratura irlan912884 001054708MOaGRbGRcHDd2009-07-21iLF1l0o823.5 S977gup4376-10r2020-06-25w2020-06-25y4ZPréstamo en sala c4185d4185